00721pam a2200193 a 4500020003600000082001500036100002000051245009300071250001200164260003600176300004000212500004800252526003700300526003700337650002500374650000800399856005500407856006500462 a0471003158 (cloth : alk. paper)00a625.7bWRI1 aWright, Paul H.10aHighway engineering /cPaul H. Wright ; with contributions by James S. Lai ... [et al.]. a6th ed. aNew York :bJohn Wiley,cc1996. avii, 680 p. :bill., maps ;c26 cm. aIncludes one folded plan and profile sheet. a0b0c0d625_700000000000000_WRI a0b0c0d625_700000000000000_WRI 0aHighway engineering. 0aMCE4 uhttp://www.loc.gov/catdir/toc/onix01/95020035.html42uhttp://www.loc.gov/catdir/description/wiley031/95020035.html